Statistics for Guess the Taylor Swift song with no hints ~25

Click here to take the quiz!

General Stats

  • This quiz has been taken 83 times
  • The average score is 246 of 309

Answer Stats

Answer% Correct
I
100%
a
99%
the
99%
The
99%
You
97%
you
97%
your
97%
me
96%
be
95%
in
95%
In
95%
is
95%
I'm
93%
my
93%
to
93%
and
92%
And
92%
it
92%
It
92%
on
92%
You're
92%
you're
92%
But
90%
do
90%
love
90%
Love
90%
if
89%
know
89%
of
89%
then
89%
They
89%
they
89%
What
89%
all
88%
at
88%
that
88%
this
88%
for
86%
it's
86%
think
86%
time
86%
I'll
85%
us
84%
as
82%
never
82%
not
82%
was
81%
with
81%
up
79%
We'll
79%
well
79%
you'll
79%
Got
78%
there
78%
said
77%
head
75%
call
74%
might
74%
slut
74%
lookin'
73%
over
73%
gonna
71%
bed
70%
dressed
70%
drunk
70%
once
70%
went
70%
worth
70%
him
68%
being
67%
down
67%
Flamingo
67%
forget
67%
lovesick
67%
need
67%
pink
67%
right
67%
straight
67%
pay
66%
price
66%
Aquamarine
64%
Clink
64%
he's
64%
saying
64%
wet
64%
young
64%
Boulevard
63%
boys
63%
going
63%
love-struck
63%
pool
63%
Sunrise
63%
world
63%
Takin'
62%
wants
62%
won't
62%
cement
60%
face
60%
gentleman
60%
guess
60%
knows
60%
place
60%
swimmin'
60%
wrong
60%
art
59%
big
59%
Everyone
59%
asleep
58%
clothes
58%
Half
58%
nobody
58%
pulling
58%
tangerine
58%
crime
56%
luxury
56%
mistake
56%
moonlit
55%
pretty
55%
smoke
55%
awake
53%
break
53%
Handprints
53%
light
53%
stones
53%
anyway
52%
blow
52%
Send
52%
Neon
51%
sticks
51%
throw
51%
Lovelorn
49%
mid-air
49%
rose
49%
thorns
49%
waiting
49%
code
47%
froze
47%
Adorned
44%
chance
41%

Score Distribution

Percentile by Number Answered

Percent of People with Each Score

Your Score History

You have not taken this quiz